Second five year plan programme for 1960-61 (Record no. 509178)

000 -LEADER
fixed length control field 00322cam a22001097a 4500
008 - FIXED-LENGTH DATA ELEMENTS--GENERAL INFORMATION
fixed length control field 180718b1960 xxu||||| |||| 00| 0 eng d
082 ## - DEWEY DECIMAL CLASSIFICATION NUMBER
Classification number T000x5444 56p/60-61
245 ## - TITLE STATEMENT
Title Second five year plan programme for 1960-61
Statement of responsibility, etc by Government of Mysore
260 ## - PUBLICATION, DISTRIBUTION, ETC. (IMPRINT)
Place of publication, distribution, etc Bangalore
Name of publisher, distributor, etc Government Press
Date of publication, distribution, etc 1960
300 ## - PHYSICAL DESCRIPTION
Extent 222p.
942 ## - ADDED ENTRY ELEMENTS (KOHA)
Source of classification or shelving scheme

No items available.

Powered by Koha